| 000 | 00650cab a22002175a 4500 | ||
|---|---|---|---|
| 001 | L158984 | ||
| 008 | 151123e2015 xxk 000 0 eng d | ||
| 035 | _a(Sirsi) u158984 | ||
| 041 | 0 | _aeng | |
| 100 | 1 | _aKemp, Peter | |
| 245 | 0 | 0 | _aPrivate renting after the global financial crisis |
| 260 | _c2015 | ||
| 490 |
_aHousing Studies _v30(4) June 2015, 601-620(20) |
||
| 520 | _aAssesses the impact of the Global Financial Crisis in 2008 on the private rented sector in the UK. | ||
| 650 | 2 | 4 | _aPRIVATE RENTED SECTOR |
| 650 | 2 | 4 | _aPRS |
| 650 | 2 | 4 | _aRECESSION |
| 651 | 4 |
_aUnited Kingdom _y |
|
| 690 |
_aResidential property _96266 |
||
| 942 | _n0 | ||
| 999 |
_c84757 _d84757 |
||